Biblioteca

Cuidado temprano de los niños (Registro nro. 62488)

Detalles MARC
000 -LÍDER
Campo fijo de descripción fija 003820000a22001090004500
100 1# - ASIENTO PRINCIPAL--NOMBRE PERSONAL
Nombre personal Engle, Patricia
245 10 - TÍTULO
Título del Material Cuidado temprano de los niños
300 ## - DESCRIPCIÓN FÍSICA
Extensión Vol.0, núm.72 (Noviembre, 2007), Páginas 1-3
500 ## - NOTA GENERAL
Nota General La importancia del cuidado, El cuidado emocional y la estimulación, Nutrición saludable, Cuidados para los cuidadores
773 0# - HOST ITEM ENTRY
Title Paso a Paso
942 ## - TIPO DE MATERIAL (KOHA)
Tipo de Item KOHA Artículos de Revista
Existencias
Estado de Material Estado de Perdido Estado de Dañado No para Préstamo Colección Biblioteca de Origen Biblioteca Permanente Fecha de Adquisición Total de Préstamos Signatura Topográfica Última vez visto Fecha de Remplazo Tipo de Material
        Colección de Hemeroteca Biblioteca FUSBC Biblioteca FUSBC 26/01/2016   26/01/2016 26/01/2016 Artículos de Revista

Biblioteca FUSBC | Teléfono: (57+4) 349 88 10 Ext. 141| WhatsApp (+57) 3005338115 
E-mail: biblioteca@unisbc.edu.co | Calle 76 87-14 Robledo Palenque, Medellín, Colombia

Con tecnología Koha